[Event "3. Campeonato de la Unión Europea"]
[Site "Arvier ITA"]
[Date "2007.06.22"]
[Round "8.34"]
[White "Almond, Richard"]
[Black "Innocenti, Luca"]
[Result "1/2-1/2"]
[WhiteElo "2088"]
[BlackElo "1894"]
[PlyCount "83"]
[EventDate "2007.06.15"]
[EventType "swiss"]
[EventRounds "10"]
[EventCountry "ITA"]
[Source "lmi"]
[SourceDate "2007.06.15"]

1. d4 d5 2. c4 dxc4 3. Nf3 c5 4. e3 cxd4 5. exd4 Be6 6. Nc3 Nf6 7. Ne5 Nc6 8.
Nxc6 bxc6 9. Qa4 Bd5 10. f3 Qd7 11. Bxc4 Bxc4 12. Qxc4 Rd8 13. Be3 Nd5 14. Bf2
e6 15. O-O Bd6 16. Ne4 O-O 17. Nxd6 Qxd6 18. Rac1 Qb4 19. Rc2 Qxc4 20. Rxc4 Nf4
21. Re1 Nd3 22. Re2 Nxf2 23. Kxf2 Rd6 24. Rec2 Rb8 25. Ke3 Rb6 26. Ra4 Rd7 27.
b3 Kf8 28. Rc5 Ke7 29. Rca5 Rbb7 30. Ra6 Kd6 31. R4a5 Rdc7 32. Kd3 f6 33. f4 g6
34. g4 h6 35. h4 f5 36. g5 hxg5 37. hxg5 Rh7 38. Ke3 Rh3+ 39. Ke2 Rh2+ 40. Kf3
Rh3+ 41. Kg2 Rhh7 42. Kf3 1/2-1/2

[Event "3. Campeonato de la Unión Europea"]
[Site "Arvier ITA"]
[Date "2007.06.22"]
[Round "8.35"]
[White "Frontini, Fabio"]
[Black "Fraser-Mitchell, Jeremy N"]
[Result "1-0"]
[WhiteElo "1965"]
[BlackElo "2084"]
[PlyCount "85"]
[EventDate "2007.06.15"]
[EventType "swiss"]
[EventRounds "10"]
[EventCountry "ITA"]
[Source "lmi"]
[SourceDate "2007.06.15"]

1. e4 e6 2. d4 a6 3. c4 b5 4. cxb5 axb5 5. Bxb5 Bb7 6. Bd3 f5 7. Nc3 Bb4 8. Qe2
Nf6 9. f3 fxe4 10. fxe4 Bxc3+ 11. bxc3 Nxe4 12. Qh5+ g6 13. Qg4 Nf6 14. Qg3 Qe7
15. Bh6 Rg8 16. Ne2 Nh5 17. Qg4 Nc6 18. O-O Nd8 19. Rab1 Bc6 20. Bg5 Qg7 21.
Bxd8 Kxd8 22. c4 Qh6 23. Qh4+ Ke8 24. Rb3 Rf8 25. Rxf8+ Qxf8 26. Be4 Bxe4 27.
Qxe4 Ke7 28. Rf3 Nf6 29. Qe3 Rxa2 30. h3 Qg7 31. d5 Ra1+ 32. Kh2 Ne8 33. dxe6
dxe6 34. Nf4 Ra6 35. Nd5+ Kd7 36. Nb4 Rb6 37. Nd3 Nd6 38. Ne5+ Kc8 39. c5 Rb5
40. Nd3 Nf5 41. Qxe6+ Qd7 42. Qa6+ Kb8 43. Ne5 1-0

[Event "3. Campeonato de la Unión Europea"]
[Site "Arvier ITA"]
[Date "2007.06.22"]
[Round "8.36"]
[White "Bashkite, Viktoria"]
[Black "Brunello, Roberta"]
[Result "1-0"]
[WhiteElo "2202"]
[BlackElo "1953"]
[PlyCount "89"]
[EventDate "2007.06.15"]
[EventType "swiss"]
[EventRounds "10"]
[EventCountry "ITA"]
[Source "lmi"]
[SourceDate "2007.06.15"]

1. e4 e5 2. Nf3 Nc6 3. Bb5 d6 4. c3 Nf6 5. d4 Bd7 6. O-O Be7 7. d5 Nb8 8. Qd3
O-O 9. Re1 Bc8 10. c4 Nbd7 11. b4 a5 12. Bd2 axb4 13. Bxb4 Nh5 14. g3 f5 15.
exf5 Ndf6 16. Nbd2 Ng4 17. Qe2 Rxf5 18. h3 Nh6 19. Nd4 Rf8 20. Qxh5 exd4 21.
Ne4 Bf6 22. a4 Nf7 23. c5 g6 24. Qf3 Ne5 25. Qg2 c6 26. dxc6 bxc6 27. f4 cxb5
28. Nxf6+ Qxf6 29. Qxa8 Bxh3 30. Qd5+ Be6 31. Qxd6 Nf3+ 32. Kf2 Nxe1 33. Rxe1
Bc4 34. a5 g5 35. c6 Qxd6 36. Bxd6 Rc8 37. c7 b4 38. Rc1 Ba6 39. Rc6 Bd3 40.
Rb6 gxf4 41. gxf4 Kf7 42. Rb8 Ba6 43. Rb6 Bd3 44. Rxb4 Bf5 45. Rb8 1-0

[Event "3. Campeonato de la Unión Europea"]
[Site "Arvier ITA"]
[Date "2007.06.22"]
[Round "8.37"]
[White "Cazzaniga, Walter"]
[Black "Bisignano, Giuseppe"]
[Result "1-0"]
[WhiteElo "2174"]
[BlackElo "1928"]
[PlyCount "93"]
[EventDate "2007.06.15"]
[EventType "swiss"]
[EventRounds "10"]
[EventCountry "ITA"]
[Source "lmi"]
[SourceDate "2007.06.15"]

1. d4 d5 2. c4 e6 3. Nc3 Nf6 4. Bg5 Be7 5. e3 Nbd7 6. Nf3 O-O 7. cxd5 exd5 8.
Qc2 c6 9. Bd3 Re8 10. O-O-O Ne4 11. Bxe7 Qxe7 12. Kb1 b5 13. Bxe4 dxe4 14. Nd2
Nf6 15. Nb3 a5 16. Nc5 a4 17. Rd2 Be6 18. N3xe4 Bc4 19. Nxf6+ Qxf6 20. Nd7 Qg5
21. Nb6 Be6 22. Qxc6 Bf5+ 23. Ka1 Be4 24. d5 Qxg2 25. Rc1 Rad8 26. Qxb5 a3 27.
bxa3 Qxh2 28. d6 Re5 29. Qd7 Ree8 30. Qb5 Re5 31. Qb4 Re6 32. d7 Rc6 33. Rxc6
Qg1+ 34. Kb2 Qb1+ 35. Kc3 Qc1+ 36. Kb3 Qxc6 37. a4 Bf5 38. a5 Be6+ 39. Kb2 h5
40. a6 Qc7 41. Rd6 h4 42. Qxh4 Rxd7 43. Nxd7 Bxd7 44. Qd4 Be6 45. a7 Qb7+ 46.
Qb6 Qf3 47. a8=Q+ 1-0

[Event "3. Campeonato de la Unión Europea"]
[Site "Arvier ITA"]
[Date "2007.06.22"]
[Round "8.38"]
[White "Cavatorta, Fosco"]
[Black "Bonugli, Carlo"]
[Result "1-0"]
[WhiteElo "1921"]
[BlackElo "2091"]
[PlyCount "127"]
[EventDate "2007.06.15"]
[EventType "swiss"]
[EventRounds "10"]
[EventCountry "ITA"]
[Source "lmi"]
[SourceDate "2007.06.15"]

1. e4 e6 2. d3 d5 3. Nd2 c5 4. Ngf3 Nf6 5. g3 g6 6. Bg2 Bg7 7. O-O O-O 8. Re1
Nc6 9. c3 b6 10. e5 Nd7 11. d4 Qc7 12. Nf1 cxd4 13. cxd4 f6 14. exf6 Nxf6 15.
Bf4 Qe7 16. Ne5 Nxe5 17. Bxe5 Bd7 18. Ne3 Qb4 19. Re2 Rac8 20. Rc1 Rxc1 21.
Qxc1 Rc8 22. Rc2 Qf8 23. Rxc8 Qxc8 24. Qxc8+ Bxc8 25. f4 Kf7 26. Kf2 Ba6 27. g4
Bf8 28. Bxf6 Kxf6 29. g5+ Ke7 30. Ng4 Bc4 31. a3 Bg7 32. Ke3 Ba2 33. Ne5 Kd6
34. Bf1 Bxe5 35. fxe5+ Kc6 36. Ba6 Kc7 37. Bb5 Bc4 38. Ba4 Ba6 39. h4 Bb7 40.
h5 Bc6 41. Bc2 Be8 42. Kd2 Kd8 43. Bd3 Ke7 44. h6 b5 45. Kc3 a5 46. Kb3 Kd8 47.
a4 bxa4+ 48. Ka3 Kc7 49. Bc2 Kb6 50. Bxa4 Bb5 51. Bc2 Be8 52. b4 Ka6 53. Bd3+
Kb6 54. bxa5+ Kxa5 55. Bc2 Ka6 56. Kb4 Kb6 57. Bd3 Kb7 58. Bb5 Bc6 59. Kc5 Bxb5
60. Kxb5 Ka7 61. Kc6 Ka6 62. Kd6 Kb5 63. Kxe6 Kc4 64. Kf7 1-0

[Event "3. Campeonato de la Unión Europea"]
[Site "Arvier ITA"]
[Date "2007.06.22"]
[Round "8.39"]
[White "Mazzetta, Renato"]
[Black "Miatello, Alberto"]
[Result "0-1"]
[WhiteElo "1864"]
[BlackElo "2062"]
[PlyCount "66"]
[EventDate "2007.06.15"]
[EventType "swiss"]
[EventRounds "10"]
[EventCountry "ITA"]
[Source "lmi"]
[SourceDate "2007.06.15"]

1. e4 c5 2. Nc3 Nc6 3. g3 g6 4. Bg2 Bg7 5. d3 d6 6. h3 b6 7. Nge2 Bb7 8. O-O
Qd7 9. Be3 Nd4 10. a4 a6 11. Nd5 Bxd5 12. exd5 Nf5 13. Bd2 Nf6 14. Bc3 h5 15.
h4 O-O 16. Nf4 Ng4 17. Bxg7 Kxg7 18. Bh3 Ngh6 19. Qf3 e5 20. dxe6 fxe6 21. Rae1
Rae8 22. Re4 e5 23. Nd5 Qc6 24. c4 Nxh4 25. Qe3 Nf3+ 26. Kg2 Qxa4 27. Nxb6 Qb4
28. Nd5 Qxb2 29. Nf4 exf4 30. Re7+ Rxe7 31. Qxe7+ Rf7 32. Qxd6 Qe5 33. Qxa6
fxg3 0-1

[Event "3. Campeonato de la Unión Europea"]
[Site "Arvier ITA"]
[Date "2007.06.22"]
[Round "8.40"]
[White "Testa, Adriano"]
[Black "Astengo, Marcello"]
[Result "0-1"]
[WhiteElo "1907"]
[BlackElo "2061"]
[PlyCount "106"]
[EventDate "2007.06.15"]
[EventType "swiss"]
[EventRounds "10"]
[EventCountry "ITA"]
[Source "lmi"]
[SourceDate "2007.06.15"]

1. e4 e6 2. d4 d5 3. e5 c5 4. c3 Nc6 5. Nf3 Bd7 6. Be2 Nge7 7. Na3 cxd4 8. cxd4
Nf5 9. Nc2 Nh4 10. Nxh4 Qxh4 11. a3 Na5 12. Ne3 Rc8 13. O-O Qd8 14. Bd3 Qb6 15.
Bc2 Nc6 16. Ba4 Nxd4 17. Bxd7+ Kxd7 18. b4 Ke8 19. Bb2 Nc6 20. Qg4 Rd8 21. Rfd1
h5 22. Qg5 Rh7 23. h4 Be7 24. Qg3 a5 25. Nc2 axb4 26. axb4 Kf8 27. Qd3 g6 28.
b5 Nb4 29. Nxb4 Bxb4 30. Bd4 Bc5 31. Bxc5+ Qxc5 32. Rdc1 Qb6 33. Qa3+ Kg8 34.
Qc5 Qxc5 35. Rxc5 f6 36. exf6 Rhd7 37. Kf1 Kf7 38. b6 Kxf6 39. Ra7 Rb8 40. Ra1
Ke5 41. Rac1 Rd6 42. Rb5 Rc6 43. Re1+ Kd6 44. Rb3 Rf8 45. Rbe3 Rf6 46. Rb1 Rc2
47. Re2 Rxe2 48. Kxe2 Kc5 49. g3 e5 50. f3 Rxb6 51. Rc1+ Kd6 52. g4 Rb4 53. Kf2
hxg4 0-1

[Event "3. Campeonato de la Unión Europea"]
[Site "Arvier ITA"]
[Date "2007.06.22"]
[Round "8.41"]
[White "Marguerettaz, Davy"]
[Black "Scanferla, Paolo"]
[Result "1-0"]
[WhiteElo "2005"]
[BlackElo "1707"]
[PlyCount "82"]
[EventDate "2007.06.15"]
[EventType "swiss"]
[EventRounds "10"]
[EventCountry "ITA"]
[Source "lmi"]
[SourceDate "2007.06.15"]

1. d4 Nf6 2. c4 g6 3. Nc3 Bg7 4. e4 d6 5. f3 O-O 6. Be3 Nbd7 7. Nh3 e5 8. d5 c6
9. dxc6 bxc6 10. Qxd6 Bb7 11. Rd1 Re8 12. Qd2 Qe7 13. Bd3 Nc5 14. Nf2 Red8 15.
O-O Rd7 16. Qc1 Nxd3 17. Rxd3 Rc7 18. Rfd1 Nd7 19. Qd2 Nf8 20. Rd8 Rxd8 21.
Qxd8 Bf6 22. Qxe7 Bxe7 23. Bxa7 Ba6 24. Bb8 Rb7 25. Bxe5 Bxc4 26. b3 Be6 27.
Bd6 Bf6 28. e5 Bg5 29. Nce4 Be3 30. Nf6+ Kg7 31. Bxf8+ Kxf8 32. Rd8+ Kg7 33.
Rg8+ Kh6 34. h4 Ra7 35. a4 Rb7 36. g4 g5 37. hxg5+ Bxg5 38. N2e4 Be3+ 39. Kg2
Bxb3 40. g5+ Bxg5 41. Rxg5 Be6 1-0

[Event "3. Campeonato de la Unión Europea"]
[Site "Arvier ITA"]
[Date "2007.06.22"]
[Round "8.43"]
[White "Cavatorta, Ivan"]
[Black "Agrest, Roman"]
[Result "0-1"]
[WhiteElo "1878"]
[BlackElo "2161"]
[PlyCount "80"]
[EventDate "2007.06.15"]
[EventType "swiss"]
[EventRounds "10"]
[EventCountry "ITA"]
[Source "lmi"]
[SourceDate "2007.06.15"]

1. e4 c5 2. Nf3 d6 3. d4 cxd4 4. Nxd4 Nf6 5. f3 e6 6. c4 a6 7. Nc3 Be7 8. Be3
Nbd7 9. a4 Qc7 10. a5 b6 11. Be2 Bb7 12. Nb3 Rb8 13. Qd2 O-O 14. O-O Rfe8 15.
Rfd1 Bc8 16. axb6 Nxb6 17. Na5 Rd8 18. Qc1 Nbd7 19. Kh1 Nc5 20. Na4 Nxa4 21.
Rxa4 Bd7 22. Ra2 Rb4 23. Qc3 Rbb8 24. Nb3 Qb7 25. Nd4 h6 26. Qa5 Bc8 27. c5
dxc5 28. Bxa6 Qd7 29. Nc6 Qxd1+ 30. Bg1 Qd6 31. Nxd8 Bxd8 32. Qxc5 Qxc5 33.
Bxc5 Ra8 34. Bc4 Rxa2 35. Bxa2 Nd7 36. Ba3 Bb6 37. h3 Ba6 38. Kh2 Bc5 39. b4
Bd6+ 40. g3 Bb5 0-1

[Event "3. Campeonato de la Unión Europea"]
[Site "Arvier ITA"]
[Date "2007.06.22"]
[Round "8.44"]
[White "Varinelli, Sara"]
[Black "Motzer, Heinrich"]
[Result "1-0"]
[WhiteElo "1694"]
[BlackElo "2021"]
[PlyCount "69"]
[EventDate "2007.06.15"]
[EventType "swiss"]
[EventRounds "10"]
[EventCountry "ITA"]
[Source "lmi"]
[SourceDate "2007.06.15"]

1. e4 d5 2. exd5 Qxd5 3. Nc3 Qa5 4. d4 c6 5. Nf3 Nf6 6. Bc4 Bg4 7. O-O e6 8.
Re1 Nbd7 9. h3 Bh5 10. g4 Bg6 11. Bf4 O-O-O 12. a3 Nd5 13. Nxd5 exd5 14. b4 Qb6
15. Bd3 Nf6 16. Bxg6 hxg6 17. Ne5 Bd6 18. g5 Ne4 19. Nxf7 Bxf4 20. Qg4+ Rd7 21.
Nxh8 Qc7 22. Nxg6 Bd2 23. Re2 Bc3 24. Rd1 Kb8 25. f3 Nd6 26. Rd3 Nb5 27. Re8+
Rd8 28. Rxd8+ Qxd8 29. Qf4+ Ka8 30. h4 Qe8 31. Ne5 Be1 32. Kf1 Bc3 33. a4 Bxd4
34. Rxd4 Nxd4 35. Qxd4 1-0

[Event "3. Campeonato de la Unión Europea"]
[Site "Arvier ITA"]
[Date "2007.06.22"]
[Round "8.46"]
[White "Giacometto, Mario"]
[Black "Cross, Ian"]
[Result "1-0"]
[WhiteElo "1931"]
[BlackElo "1890"]
[PlyCount "105"]
[EventDate "2007.06.15"]
[EventType "swiss"]
[EventRounds "10"]
[EventCountry "ITA"]
[Source "lmi"]
[SourceDate "2007.06.15"]

1. e4 e6 2. d4 d5 3. e5 c5 4. c3 Nc6 5. Nf3 Bd7 6. Be2 Qb6 7. O-O Rc8 8. a3
cxd4 9. cxd4 Na5 10. b4 Nc4 11. Be3 Ne7 12. Nfd2 Nxd2 13. Qxd2 Nf5 14. Nc3 Nxe3
15. fxe3 Be7 16. Bd3 O-O 17. Rac1 Rc7 18. Ne2 Rxc1 19. Rxc1 Rc8 20. Rxc8+ Bxc8
21. Qc2 Bd7 22. Bxh7+ Kh8 23. Nf4 a5 24. Bg6 Bg5 25. Bxf7 Bxf4 26. exf4 Qxd4+
27. Qf2 Qd1+ 28. Qf1 Qd4+ 29. Qf2 Qd1+ 30. Qf1 Qd4+ 31. Kh1 axb4 32. axb4 Qxb4
33. h3 Qe4 34. Qf2 g6 35. Qh4+ Kg7 36. Qf6+ Kh7 37. Qh4+ Kg7 38. Qf6+ Kh7 39.
h4 Qf5 40. Qe7 Kh6 41. Qxd7 Qxf4 42. Qxe6 Qf1+ 43. Kh2 Qf4+ 44. Kg1 Qe3+ 45.
Kh1 Qc1+ 46. Kh2 Qf4+ 47. Kh3 Qe3+ 48. g3 Qe4 49. Qxg6+ Qxg6 50. Bxg6 Kxg6 51.
Kg4 b5 52. h5+ Kf7 53. h6 1-0

[Event "3. Campeonato de la Unión Europea"]
[Site "Arvier ITA"]
[Date "2007.06.22"]
[Round "8.49"]
[White "Di Cio, Enrico"]
[Black "Mortola, Alberto"]
[Result "0-1"]
[WhiteElo "1776"]
[BlackElo "1905"]
[PlyCount "35"]
[EventDate "2007.06.15"]
[EventType "swiss"]
[EventRounds "10"]
[EventCountry "ITA"]
[Source "lmi"]
[SourceDate "2007.06.15"]

1. e4 e5 2. f4 d5 3. exd5 e4 4. d3 exd3 5. Bxd3 Nf6 6. Nf3 Nxd5 7. O-O Bc5+ 8.
Kh1 O-O 9. Re1 Bg4 10. Bd2 Nc6 11. Nc3 Nf6 12. Ne4 Bb6 13. h3 Bxf3 14. Qxf3 Nd4
15. Qg3 Nf5 16. Nxf6+ Qxf6 17. Qf3 c6 18. Qe4 0-1

[Event "3. Campeonato de la Unión Europea"]
[Site "Arvier ITA"]
[Date "2007.06.22"]
[Round "8.50"]
[White "Perrone, Samuel"]
[Black "Squarci, Franco"]
[Result "0-1"]
[WhiteElo "1416"]
[BlackElo "1863"]
[PlyCount "74"]
[EventDate "2007.06.15"]
[EventType "swiss"]
[EventRounds "10"]
[EventCountry "ITA"]
[Source "lmi"]
[SourceDate "2007.06.15"]

1. e4 b6 2. d4 e6 3. Bd3 Bb7 4. Nf3 Nc6 5. c3 g6 6. e5 Nce7 7. Bf4 Nd5 8. Bg3
Bh6 9. Qe2 Nge7 10. Be4 c6 11. O-O Nf5 12. Bxf5 gxf5 13. Bh4 Qc8 14. g3 Rg8 15.
Nfd2 c5 16. Re1 Nf4 17. Qd1 Nh3+ 18. Kf1 Qc6 19. f3 cxd4 20. cxd4 Ba6+ 21. Kg2
Nf4+ 22. Kh1 Nd3 23. Re2 Nxb2 24. Qe1 Bxe2 25. Qxe2 Qc1+ 26. Kg2 Rc8 27. Qa6
Bg5 28. Bxg5 Rxg5 29. f4 Rg6 30. Nb3 Qc6+ 31. Kf1 Qh1+ 32. Ke2 Qxh2+ 33. Ke1
Qxg3+ 34. Ke2 Qg2+ 35. Ke1 Qe4+ 36. Qe2 Rg1+ 37. Kf2 Rg2+ 0-1

[Event "3. Campeonato de la Unión Europea"]
[Site "Arvier ITA"]
[Date "2007.06.22"]
[Round "8.51"]
[White "Fox, Pierre"]
[Black "Dritsakos, Sonia"]
[Result "0-1"]
[WhiteElo "1832"]
[BlackElo "1524"]
[PlyCount "86"]
[EventDate "2007.06.15"]
[EventType "swiss"]
[EventRounds "10"]
[EventCountry "ITA"]
[Source "lmi"]
[SourceDate "2007.06.15"]

1. d4 d5 2. c4 dxc4 3. Nf3 Nc6 4. Nc3 e6 5. e4 Bb4 6. Bxc4 Nf6 7. Qd3 Na5 8.
Bg5 h6 9. Bh4 g5 10. Bg3 Nxe4 11. Bb5+ c6 12. Bxc6+ Nxc6 13. Qxe4 f5 14. Qd3 f4
15. Qg6+ Kf8 16. O-O-O Qe7 17. h4 fxg3 18. hxg5 h5 19. Rh4 Rh7 20. Ne4 Rf7 21.
Nf6 Rg7 22. Qxh5 Qf7 23. Qh8+ Ke7 24. Re4 Kd6 25. Ne8+ Kd5 26. Nxg7 Kxe4 27.
Qh7+ Kd5 28. fxg3 Bf8 29. g6 Qxg7 30. Qh5+ Kd6 31. Qc5+ Kc7 32. Qc4 Kb8 33. g4
Qxg6 34. d5 exd5 35. Qf4+ Bd6 36. Qe3 Qf6 37. Qe8 Bf4+ 38. Kb1 Ne7 39. Qa4 a6
40. Rd4 Bd6 41. Qa5 Bxg4 42. Qb6 Qf5+ 43. Ka1 Nc8 0-1

[Event "3. Campeonato de la Unión Europea"]
[Site "Arvier ITA"]
[Date "2007.06.22"]
[Round "8.53"]
[White "Iacchetti, Giovanni"]
[Black "Russo, Carmelo"]
[Result "1-0"]
[WhiteElo "1917"]
[BlackElo "1665"]
[PlyCount "103"]
[EventDate "2007.06.15"]
[EventType "swiss"]
[EventRounds "10"]
[EventCountry "ITA"]
[Source "lmi"]
[SourceDate "2007.06.15"]

1. b3 d5 2. Nf3 Nc6 3. e3 Bg4 4. Bb2 e5 5. Be2 e4 6. Nd4 Bxe2 7. Nxe2 Qg5 8.
Nf4 Bd6 9. h4 Qf5 10. g4 Qd7 11. Bxg7 Be5 12. Bxh8 Bxh8 13. Nc3 Ne5 14. Qe2
Nf3+ 15. Kd1 O-O-O 16. Rb1 d4 17. Nxe4 Qxg4 18. Ng3 dxe3 19. Nd3 exd2 20. Qe4
Qxe4 21. Nxe4 Re8 22. Nxd2 Nd4 23. Re1 Rd8 24. f4 Nb5 25. Ne5 Nc3+ 26. Kc1 Nh6
27. Rb2 f6 28. Nd3 Ng4 29. b4 f5 30. Ne5 Re8 31. Ndc4 b5 32. Na5 Nxe5 33. fxe5
Ne4 34. Rb3 Bxe5 35. Nc6 Bf4+ 36. Kb2 Kb7 37. Nd4 Be5 38. c3 Nd2 39. Kc2 Nxb3
40. Kxb3 f4 41. Nf3 Kc8 42. Rxe5 Kd7 43. Rxe8 Kxe8 44. c4 c6 45. c5 Ke7 46. Kc3
Ke6 47. Nd4+ Kd5 48. Kd3 a6 49. a3 h6 50. Nxc6 Kxc6 51. Ke4 a5 52. Kxf4 1-0

[Event "3. Campeonato de la Unión Europea"]
[Site "Arvier ITA"]
[Date "2007.06.22"]
[Round "8.54"]
[White "Agrest, Anton"]
[Black "Bogatto, Mario"]
[Result "1/2-1/2"]
[WhiteElo "1350"]
[BlackElo "1528"]
[PlyCount "54"]
[EventDate "2007.06.15"]
[EventType "swiss"]
[EventRounds "10"]
[EventCountry "ITA"]
[Source "lmi"]
[SourceDate "2007.06.15"]

1. b4 d5 2. Bb2 e6 3. Nf3 Nd7 4. e3 Ngf6 5. a3 a6 6. c4 dxc4 7. Bxc4 b5 8. Bb3
Bb7 9. O-O Bd6 10. h3 O-O 11. d4 Re8 12. Nbd2 Qe7 13. Re1 Qd8 14. Qc2 e5 15.
Qc3 e4 16. Nh2 Bxh2+ 17. Kxh2 Bd5 18. Rac1 Rc8 19. Bxd5 Nxd5 20. Qc6 N7b6 21.
Kg1 Re6 22. Qc2 Qe7 23. Nb3 Rh6 24. Nc5 f5 25. Nxa6 Nc4 26. Nc5 Qg5 27. Qb3 Rg6
1/2-1/2

[Event "3. Campeonato de la Unión Europea"]
[Site "Arvier ITA"]
[Date "2007.06.23"]
[Round "9.2"]
[White "Agrest, Evgenij"]
[Black "Godena, Michele"]
[Result "0-1"]
[WhiteElo "2561"]
[BlackElo "2558"]
[PlyCount "109"]
[EventDate "2007.06.15"]
[EventType "swiss"]
[EventRounds "10"]
[EventCountry "ITA"]
[Source "lmi"]
[SourceDate "2007.06.15"]

1. Nf3 d5 2. d4 Nf6 3. c4 e6 4. Nc3 c6 5. Bg5 h6 6. Bh4 dxc4 7. e4 g5 8. Bg3 b5
9. Be2 Bb7 10. O-O Nbd7 11. Ne5 h5 12. Nxd7 Qxd7 13. Be5 Rh6 14. Qc1 Rg6 15.
Rd1 Ng4 16. Bg3 f5 17. f3 Nh6 18. b3 cxb3 19. axb3 Kf7 20. Bf2 a6 21. Ra2 Be7
22. Bd3 g4 23. Be3 Rh8 24. f4 Rf8 25. Re2 Kg8 26. Bb1 Qc7 27. d5 fxe4 28. Bxe4
Nf5 29. dxc6 Bxc6 30. Na2 e5 31. fxe5 Qb7 32. Bxf5 Rxf5 33. Bc5 Bf3 34. Rf2
Rxe5 35. Bd4 Bxd1 36. Bxe5 Bxb3 37. Kh1 Qc6 38. Nc3 b4 39. Qb1 Bf7 40. Ne2 Qc5
41. Qf5 Qd5 42. Qxh5 Rg7 43. Rxf7 Qxf7 44. Qh6 Rh7 45. Qc6 Bf8 46. Kg1 Rh5 47.
Bd4 Rf5 48. Ng3 Rd5 49. Ne2 b3 50. Qc8 Qf5 51. Qc4 Kh7 52. Qxb3 Rb5 53. Qc3
Rb1+ 54. Nc1 Bh6 55. Qc6 0-1

[Event "3. Campeonato de la Unión Europea"]
[Site "Arvier ITA"]
[Date "2007.06.23"]
[Round "9.3"]
[White "Sulava, Nenad"]
[Black "Brunello, Sabino"]
[Result "1/2-1/2"]
[WhiteElo "2549"]
[BlackElo "2454"]
[PlyCount "30"]
[EventDate "2007.06.15"]
[EventType "swiss"]
[EventRounds "10"]
[EventCountry "ITA"]
[Source "lmi"]
[SourceDate "2007.06.15"]

1. d4 Nf6 2. Bg5 e6 3. e4 h6 4. Bxf6 Qxf6 5. c3 Nc6 6. Nf3 d6 7. Bb5 Bd7 8. O-O
g5 9. d5 Ne5 10. Nxe5 Bxb5 11. Na3 Qxe5 12. Nxb5 Kd8 13. Nd4 Bg7 14. Qb3 Qxe4
15. Qxb7 Qxd5 1/2-1/2

[Event "3. Campeonato de la Unión Europea"]
[Site "Arvier ITA"]
[Date "2007.06.23"]
[Round "9.5"]
[White "D'Amore, Carlo"]
[Black "Prie, Eric"]
[Result "0-1"]
[WhiteElo "2476"]
[BlackElo "2513"]
[PlyCount "116"]
[EventDate "2007.06.15"]
[EventType "swiss"]
[EventRounds "10"]
[EventCountry "ITA"]
[Source "lmi"]
[SourceDate "2007.06.15"]

1. e4 d5 2. exd5 Qxd5 3. Nf3 Bg4 4. Be2 Nc6 5. d4 O-O-O 6. c4 Qf5 7. Be3 Bxf3
8. Bxf3 Nxd4 9. Bxd4 Qe6+ 10. Be2 Qe4 11. O-O Qxd4 12. Qa4 e6 13. Nc3 Bd6 14.
Nb5 Qe5 15. Nxd6+ cxd6 16. Bf3 Kb8 17. Rfe1 Qc5 18. b4 Qc7 19. Rac1 Ne7 20. Re3
Qd7 21. Qd1 Rc8 22. c5 Rhd8 23. Rd3 Qc7 24. Qa4 dxc5 25. Rxd8 Rxd8 26. bxc5 Nc6
27. Rb1 Rd4 28. Qc2 Rh4 29. Bxc6 Qxc6 30. g3 Rh5 31. Qd3 Kc8 32. Qa3 a6 33. Rc1
Rf5 34. Qc3 f6 35. Qe3 h5 36. h4 Kb8 37. Qd4 Rd5 38. Qe3 Ka7 39. Qa3 g5 40. Qb4
Re5 41. hxg5 fxg5 42. Qd4 Rd5 43. Qe3 h4 44. g4 Ka8 45. Qc3 e5 46. Qe3 Rd4 47.
f3 Rf4 48. Rc3 e4 49. Rc4 Rxf3 50. Qxg5 Qd7 51. Rc1 Qd4+ 52. Kh1 Qd3 53. Qg8+
Ka7 54. Qb3 Rh3+ 55. Kg2 Rg3+ 56. Kh1 Qd2 57. Qc2 Rh3+ 58. Kg1 Qe3+ 0-1

[Event "3. Campeonato de la Unión Europea"]
[Site "Arvier ITA"]
[Date "2007.06.23"]
[Round "9.7"]
[White "Castaldo, Folco"]
[Black "Caruana, Fabiano"]
[Result "0-1"]
[WhiteElo "2330"]
[BlackElo "2513"]
[PlyCount "66"]
[EventDate "2007.06.15"]
[EventType "swiss"]
[EventRounds "10"]
[EventCountry "ITA"]
[Source "lmi"]
[SourceDate "2007.06.15"]

1. Nf3 Nf6 2. d4 e6 3. g3 b5 4. Bg2 Bb7 5. Bg5 c5 6. c3 Be7 7. O-O Na6 8. Nbd2
O-O 9. Qb3 Bc6 10. Ne5 Bxg2 11. Kxg2 Rb8 12. a4 b4 13. Qc4 Qc8 14. Rac1 h6 15.
Bxf6 Bxf6 16. Ndf3 d6 17. Ng4 Be7 18. dxc5 bxc3 19. bxc3 Nxc5 20. Rb1 Qc6 21.
a5 Qc7 22. Nd4 d5 23. Qa2 Ne4 24. Qc2 Rxb1 25. Rxb1 h5 26. Ne3 Bf6 27. Nb5 Qc5
28. a6 h4 29. c4 h3+ 30. Kg1 Nxf2 31. Kxf2 d4 32. Qd3 dxe3+ 33. Kg1 Qc6 0-1

[Event "3. Campeonato de la Unión Europea"]
[Site "Arvier ITA"]
[Date "2007.06.23"]
[Round "9.8"]
[White "Likavsky, Tomas"]
[Black "Foisor, Cristina Adela"]
[Result "1-0"]
[WhiteElo "2485"]
[BlackElo "2384"]
[PlyCount "123"]
[EventDate "2007.06.15"]
[EventType "swiss"]
[EventRounds "10"]
[EventCountry "ITA"]
[Source "lmi"]
[SourceDate "2007.06.15"]

1. d4 g6 2. c4 Bg7 3. e4 d6 4. Nc3 Nd7 5. Nf3 e5 6. Be2 Nh6 7. h4 f6 8. h5 g5
9. d5 O-O 10. Be3 a5 11. Nd2 f5 12. exf5 Nxf5 13. Nde4 h6 14. Qd2 Nf6 15. Nxf6+
Bxf6 16. Ne4 a4 17. f3 Nxe3 18. Qxe3 Bg7 19. g4 Rf4 20. Rd1 Bd7 21. O-O Qb8 22.
Kg2 Qa7 23. Qxa7 Rxa7 24. Bd3 b6 25. Rfe1 Ra8 26. Re3 Rff8 27. Rd2 Ra5 28. Rc2
Rc8 29. Be2 Kf7 30. Ra3 Ke7 31. Rd2 Rca8 32. Rc3 R5a7 33. Bd3 Rf8 34. Ra3 Rfa8
35. Ng3 Bf8 36. Rc3 Bg7 37. Rcc2 Bf8 38. Kf2 Bg7 39. Bf5 Be8 40. Be6 Bf8 41.
Ke3 c5 42. Bf5 b5 43. cxb5 Bxb5 44. Bd3 Bd7 45. Ne4 a3 46. Bc4 Rb8 47. bxa3
Rxa3+ 48. Rd3 Ra4 49. Rb3 Rbb4 50. Rxb4 Rxb4 51. Kd3 Ba4 52. Rd2 Kd7 53. Nc3
e4+ 54. fxe4 Ke7 55. a3 Bd7 56. axb4 cxb4 57. Na2 Bxg4 58. Rh2 Bf3 59. Nxb4 g4
60. Ke3 Bg7 61. Nc6+ Kd7 62. Be2 1-0

[Event "3. Campeonato de la Unión Europea"]
[Site "Arvier ITA"]
[Date "2007.06.23"]
[Round "9.9"]
[White "Rombaldoni, Denis"]
[Black "Okhotnik, Vladimir"]
[Result "0-1"]
[WhiteElo "2368"]
[BlackElo "2484"]
[PlyCount "80"]
[EventDate "2007.06.15"]
[EventType "swiss"]
[EventRounds "10"]
[EventCountry "ITA"]
[Source "lmi"]
[SourceDate "2007.06.15"]

1. d4 g6 2. h4 Bg7 3. h5 Nf6 4. h6 Bf8 5. c4 e6 6. Nc3 d5 7. Nf3 Be7 8. Bf4 O-O
9. e3 b6 10. cxd5 Nxd5 11. Nxd5 exd5 12. Bd3 Bg4 13. Qc2 Bxf3 14. gxf3 Bd6 15.
Bxd6 Qxd6 16. Rc1 c6 17. f4 f5 18. Ke2 a5 19. Rhg1 Kh8 20. Rg5 Ra7 21. a3 Rc7
22. b4 axb4 23. axb4 Nd7 24. Rcg1 Nf6 25. Bxf5 gxf5 26. Qxf5 Ng8 27. Qh3 Nxh6
28. Rh1 Ng8 29. f5 Nf6 30. Qh6 Ne4 31. Rg6 Qxb4 32. Kf1 Rxf5 33. f4 Qc4+ 34.
Kg1 Qc1+ 35. Kh2 Qxe3 36. Ra1 Nd6 37. Ra8+ Ne8 38. Re6 Qf2+ 39. Kh3 Qf3+ 40.
Kh4 Rxf4+ 0-1